Statistics for Nightwish Members

Click here to take the quiz!

General Stats

  • This quiz has been taken 83 times
  • The average score is 8 of 10

Answer Stats

Answer% Correct
Floor Jansen
99%
Tarja Turunen
99%
Anette Olzon
96%
Marco Hietala
96%
Tuomas Holopainen
93%
Emppu Vuorinen
80%
Jukka Nevalainen
79%
Troy Donockley
73%
Kai Hahto
72%
Sami Vänskä
63%

Score Distribution

Percentile by Number Answered

Percent of People with Each Score

Your Score History

You have not taken this quiz